000 00636nam a2200253Ia 4500
003 OSt
005 20221007110312.0
006 a|||||r|||| 00| 0
007 ta
008 221006b |||||||| |||| 00| 0 eng d
020 _a8185353034
024 _a20,848
037 _cTextual
040 _aLCO
_cLCO
_beng
041 _2eng
_aeng
082 _aZ1, M8
100 _aJanis M.W.
_9707350
245 0 _aIntroduction to International Law
260 _aNew
_bDelhi Aditya Books India
_c1988
300 _a299
650 _aINTERNATIONAL LAW
942 _hZ1, M8
_cTEXL
999 _c1190411
_d1190411